| 000 | 00923nam a2200241Ia 4500 | ||
|---|---|---|---|
| 003 | OSt | ||
| 005 | 20220918105513.0 | ||
| 006 | a|||||r|||| 00| 0 | ||
| 007 | ta | ||
| 008 | 220915b |||||||| |||| 00| 0 hin d | ||
| 024 | _a208887 | ||
| 037 | _cReference Collections | ||
| 040 |
_aARTS _cARTS _bhin |
||
| 041 |
_2hin _ahin |
||
| 082 | _aP1528,4:4k, 152K8.1(RR) | ||
| 100 |
_aपाठक, नाथूलाल _91782 |
||
| 245 | 0 | _aहाडौती कहावतें हाडौती लोक साहित्य यका एक सन्दर्भ ग्रन्थ | |
| 246 | _aHāḍautī kahāvatean hāḍautī lok sāhitya yakā ek sandarbha grantha | ||
| 260 | _c1954 | ||
| 490 | _aहाडौ़ती ग्रन्थमाला; 1 | ||
| 942 |
_hP1528,4:4k, 152K8.1(RR) _cREF |
||
| 999 |
_c107661 _d107661 |
||